<?xml version="1.0" encoding="UTF-8"?>
<marc:record xmlns:marc="http://www.loc.gov/MARC21/slim">
   <marc:leader>00000nam a2200000 a 4500</marc:leader>
   <marc:datafield ind1="1" ind2=" " tag="100">
      <marc:subfield code="a">Scholl, Sabine</marc:subfield>
      <marc:subfield code="4">aut</marc:subfield>
      <marc:subfield code="e">Verfasser/-in</marc:subfield>
   </marc:datafield>
   <marc:datafield ind1="0" ind2="0" tag="245">
      <marc:subfield code="a">O.</marc:subfield>
   </marc:datafield>
   <marc:datafield ind1="0" ind2="0" tag="245">
      <marc:subfield code="b">Roman</marc:subfield>
   </marc:datafield>
   <marc:datafield ind1="0" ind2="0" tag="245">
      <marc:subfield code="c">Sabine Scholl</marc:subfield>
   </marc:datafield>
   <marc:datafield ind1=" " ind2="1" tag="264">
      <marc:subfield code="a">Zürich</marc:subfield>
      <marc:subfield code="b">Secession Verlag</marc:subfield>
      <marc:subfield code="c">2020</marc:subfield>
   </marc:datafield>
   <marc:datafield ind1=" " ind2=" " tag="250">
      <marc:subfield code="a">1. Auflage</marc:subfield>
   </marc:datafield>
   <marc:datafield ind1="1" ind2=" " tag="520">
      <marc:subfield code="a">In ihrem neuen Roman O. greift Sabine Scholl auf Homers Odyssee zurück und liefert eine neue Version des alten Epos aus moderner weiblicher Sicht. Die Heldin des Romans, kurz O. genannt, ist Musikerin und Komponistin; gemeinsam mit ihren Gefährtinnen, einem Chor geflüchteter Frauen, bereist sie die Weltmeere. In unterschiedliche Gegenden verschlagen, treffen sie auf Bruchstücke und Metamorphosen des homerischen Epos, der griechischen Mythologie und der Realität der gegenwärtigen Welt &#x96; immer auf der Suche nach einem Ziel, einem Hafen,</marc:subfield>
   </marc:datafield>
   <marc:datafield ind1=" " ind2=" " tag="020">
      <marc:subfield code="a">9783966390224</marc:subfield>
      <marc:subfield code="9">9783966390224</marc:subfield>
   </marc:datafield>
   <marc:datafield ind1=" " ind2=" " tag="020">
      <marc:subfield code="a">3966390221</marc:subfield>
      <marc:subfield code="9">3966390221</marc:subfield>
   </marc:datafield>
   <marc:datafield ind1=" " ind2=" " tag="300">
      <marc:subfield code="a">300 Seiten : Ill.</marc:subfield>
   </marc:datafield>
</marc:record>
